Inmunobiología: el sistema inmunitario en condiciones de salud y enfermedad

Guardat en:
Dades bibliogràfiques
Autor principal: Janeway, Charles A
Altres autors: Travers, Paul, Walport, Mark, Shlomchik
Format: Llibre
Idioma:espanyol
Publicat: Barcelona, España Masson 2003
Edició:Segunda edición
Matèries:
Etiquetes: Afegir etiqueta
Sense etiquetes, Sigues el primer a etiquetar aquest registre!

MARC

LEADER 00000nam a2200000 a 4500
001 UCK1866
003 CL-VaPUC
005 20211103074334.0
008 041210e20030000SP |||||||||||||||||spa|d
999 |c 311637  |d 311635 
020 |a 8445811762 
040 |c Pontificia Universidad Católica de Valparaíso 
082 0 4 |a 616.079 JAN 2003  |2 21 
100 0 |a Janeway, Charles A  |9 489722 
245 1 0 |a Inmunobiología: el sistema inmunitario en condiciones de salud y enfermedad 
250 |a Segunda edición 
260 0 3 |a Barcelona, España  |b Masson  |c 2003 
300 |a 731 páginas 
583 |a last modification  |c 20041210 00:00:00  |k Rodrigo Vera 
650 0 |a Inmunología  |9 329894 
650 7 |a INMUNIDAD  |2 CL-VaPUC  |9 382169 
700 0 |a Travers, Paul  |9 489723 
700 0 |a Walport, Mark  |9 489724 
700 0 |a Shlomchik  |9 489725 
942 |c BK  |2 ddc 
945 |d 20041210 00:00:00  |a vberengu 
952 |0 0  |1 0  |2 ddc  |4 0  |6 616_079000000000000_JAN_2003  |7 0  |8 A  |9 381154  |a BIBCUR  |b BIBCUR  |d 2019-11-21  |i 4083822  |l 1  |o 616.079 JAN 2003  |p 4083822  |r 2025-04-22  |s 2025-04-02  |t 1  |w 2019-11-21  |y BK  |k BIO